[Event "ODEM U25B 2012"]
[Site "Oberhof GER"]
[Date "2012.05.28"]
[Round "3"]
[White "Kalina, Joshua"]
[Black "Dopmann, Sina"]
[Result "0-1"]
[Termination "normal"]
[Board "29"]
[WhiteElo "941"]
[BlackElo "1158"]
[PlyCount "104"]
[EventCountry "GER"]
[EventRounds "9"]
[EventType "swiss"]
[EventDate "2012.05.26"]

1. e4 e5 2. Nf3 d6 3. d4 Nd7 4. Bc4 Be7 5. Nc3 Ngf6 6. O-O O-O 7. Re1 c6 8. a4
Qc7 9. b3 a6 10. Bb2 Rb8 11. Qd2 b5 12. Bd3 b4 13. Ne2 a5 14. Ng3 h6 15. Nf5
Re8 16. Bc4 Bb7 17. Rad1 c5 18. Bb5 Bxe4 19. Rxe4 Nxe4 20. Qe3 Nef6 21. Bxd7
Nxd7 22. h3 cxd4 23. N3xd4 Bg5 24. Qg3 exd4 25. Bxd4 g6 26. h4 gxf5 27. hxg5 h5
28. g6 f6 29. Qh3 Qxc2 30. Rf1 Qe2 31. Qh4 Qg4 32. Bxf6 Qxh4 33. Bxh4 Kg7 34.
Rd1 Re6 35. Bg3 Kxg6 36. Bxd6 Rc8 37. Bxb4 axb4 38. Rxd7 Rc3 39. a5 Rxb3 40.
Ra7 Ra3 41. Rb7 b3 42. Kh2 b2 43. Rb8 Ra2 44. Rb5 Re1 45. a6 b1=Q 46. Rxb1 Rxb1
47. f3 Rxa6 48. g3 Rb2+ 49. Kh3 Ra3 50. f4 Rbb3 51. Kh4 Kh6 52. g4 Rh3# 0-1

[Event "ODEM U25B 2012"]
[Site "Oberhof GER"]
[Date "2012.05.28"]
[Round "3"]
[White "Weiten, Katharina"]
[Black "Hoffmann, Rasmus"]
[Result "1/2-1/2"]
[Termination "normal"]
[Board "30"]
[WhiteElo "882"]
[BlackElo "1151"]
[PlyCount "55"]
[WhiteFideId "12971979"]
[EventCountry "GER"]
[EventRounds "9"]
[EventType "swiss"]
[EventDate "2012.05.26"]

1. e4 c5 2. c3 d5 3. exd5 Qxd5 4. d4 Nc6 5. Nf3 e6 6. Bf4 f5 7. Be2 Nf6 8. O-O
Be7 9. Qd3 O-O 10. Nbd2 a6 11. b3 Rd8 12. Be5 b5 13. b4 c4 14. Qe3 Ng4 15. Qf4
Ngxe5 16. dxe5 Nxe5 17. Rad1 Nd3 18. Bxd3 cxd3 19. a3 Bf6 20. c4 Qd7 21. Rfe1
Bb7 22. Ne5 Bxe5 23. Rxe5 Qc6 24. f3 Rac8 25. Rc5 Qb6 26. Nb3 h6 27. Kf1 g5 28.
Qe5 1/2-1/2

[Event "ODEM U25B 2012"]
[Site "Oberhof GER"]
[Date "2012.05.28"]
[Round "3"]
[White "Arns, Alexander"]
[Black "Eggert, Daniela"]
[Result "1-0"]
[Termination "normal"]
[Board "31"]
[WhiteElo "1452"]
[BlackElo "927"]
[PlyCount "77"]
[WhiteFideId "12944009"]
[BlackFideId "12991490"]
[EventCountry "GER"]
[EventRounds "9"]
[EventType "swiss"]
[EventDate "2012.05.26"]

1. e4 e5 2. Nf3 Nc6 3. Bb5 a6 4. Ba4 Nf6 5. O-O Be7 6. Re1 O-O 7. c3 d6 8. h3
Bd7 9. d4 exd4 10. cxd4 Qe8 11. Bc2 Nb4 12. Bb3 Be6 13. d5 Bd7 14. a3 Nc6 15.
dxc6 Bxc6 16. Nc3 Bd8 17. Qd3 g6 18. Bh6 Bb5 19. Nxb5 Qxb5 20. Qxb5 axb5 21.
Bxf8 Kxf8 22. Ng5 Nd5 23. Nxh7+ Kg7 24. Bxd5 Kxh7 25. Bxb7 Rb8 26. Bd5 Kg7 27.
Rac1 b4 28. a4 Rb6 29. Bc4 Rb7 30. a5 Ra7 31. a6 c6 32. Bf1 c5 33. Rcd1 Be7 34.
e5 dxe5 35. Rxe5 Bf6 36. Rxc5 Bxb2 37. Rb5 Bc3 38. Rb7 Ra8 39. Rdd7 1-0

[Event "ODEM U25B 2012"]
[Site "Oberhof GER"]
[Date "2012.05.28"]
[Round "3"]
[White "Stockter, Jasper Enno"]
[Black "Paulweber, Lara"]
[Result "1-0"]
[Termination "normal"]
[Board "32"]
[WhiteElo "1107"]
[BlackElo "902"]
[PlyCount "139"]
[WhiteFideId "12957291"]
[BlackFideId "12954411"]
[EventCountry "GER"]
[EventRounds "9"]
[EventType "swiss"]
[EventDate "2012.05.26"]

1. e4 c5 2. Nf3 b6 3. d4 cxd4 4. Nxd4 Bb7 5. Nc3 e6 6. Bb5 a6 7. Ba4 Nf6 8. Bg5
Be7 9. Nf3 Nxe4 10. Bxe7 Qxe7 11. Qd4 Qc5 12. Nxe4 Qxd4 13. Nxd4 Bxe4 14. O-O-O
Bxg2 15. Rhg1 Bd5 16. Rxg7 Kf8 17. Rg3 b5 18. Bb3 Bxb3 19. axb3 Nc6 20. Nxc6
dxc6 21. Rgd3 Ke8 22. c4 Rg8 23. Rg3 Rxg3 24. hxg3 Kf8 25. Rd7 Rb8 26. Rc7 Rb6
27. c5 Rb8 28. Rxc6 Ra8 29. Rb6 Ke8 30. Kc2 Kd8 31. Kd3 Kc7 32. Kd4 Rd8+ 33.
Kc3 Rd5 34. b4 Rf5 35. f4 e5 36. fxe5 Rxe5 37. Kd3 Re6 38. Rxe6 fxe6 39. Ke4
Kc6 40. Ke5 Kd7 41. b3 Ke7 42. g4 h6 43. c6 Kd8 44. Kxe6 Kc7 45. Kf6 Kxc6 46.
Kg6 Kd7 47. Kxh6 Ke7 48. g5 Kf8 49. Kh7 Ke7 50. g6 Kd6 51. g7 Ke5 52. g8=Q Kd4
53. Qc8 Ke5 54. Qd7 Ke4 55. Qd6 Ke3 56. Qd5 Kf4 57. Qe6 Kf3 58. Qe5 Kg4 59. Qf6
Kg3 60. Qf5 Kg2 61. Qf4 Kh3 62. Qg5 Kh2 63. Qg4 a5 64. bxa5 b4 65. a6 Kh1 66.
Kg6 Kh2 67. Kf5 Kh1 68. Kf4 Kh2 69. Kf3 Kh1 70. Qg2# 1-0

[Event "ODEM U25B 2012"]
[Site "Oberhof GER"]
[Date "2012.05.28"]
[Round "3"]
[White "Janke, Luisa"]
[Black "Kobald, Pierre"]
[Result "0-1"]
[Termination "normal"]
[Board "34"]
[WhiteElo "1154"]
[BlackElo "869"]
[PlyCount "88"]
[WhiteFideId "12925225"]
[BlackFideId "12983659"]
[EventCountry "GER"]
[EventRounds "9"]
[EventType "swiss"]
[EventDate "2012.05.26"]

1. e4 c5 2. Nc3 g6 3. Nf3 Bg7 4. Bc4 d6 5. O-O Nf6 6. d3 O-O 7. Bg5 Nfd7 8. Nd5
f6 9. Bh4 Kh8 10. Bg3 Ne5 11. Nh4 Nxc4 12. dxc4 Nc6 13. Re1 f5 14. c3 e5 15.
Nf3 g5 16. h3 Be6 17. Qd2 Bh6 18. h4 f4 19. hxg5 Bxg5 20. Bh2 Bh6 21. Rad1 Rg8
22. g3 Qf8 23. Nc7 fxg3 24. Qe2 gxf2+ 25. Kxf2 Qg7 26. Rg1 Qxc7 27. Bg3 Raf8
28. Rh1 Bg4 29. Rd3 Bg5 30. Ke1 b5 31. cxb5 c4 32. bxc6 cxd3 33. Qxd3 Rxf3 34.
Qc4 Rxg3 35. Kf2 Rf3+ 36. Kg2 Qd8 37. c7 Qd7 38. Rg1 Rgf8 39. Kh1 Rh3+ 40. Kg2
Be3 41. Rh1 Rxh1 42. Kxh1 Bf3+ 43. Kh2 Qg4 44. Qf1 Bf4# 0-1

[Event "ODEM U25B 2012"]
[Site "Oberhof GER"]
[Date "2012.05.28"]
[Round "3"]
[White "Dathe, Frederick"]
[Black "Kung, Fanny"]
[Result "1-0"]
[Termination "normal"]
[Board "35"]
[WhiteElo "1036"]
[BlackElo "825"]
[PlyCount "71"]
[WhiteFideId "12963070"]
[BlackFideId "12987689"]
[EventCountry "GER"]
[EventRounds "9"]
[EventType "swiss"]
[EventDate "2012.05.26"]

1. c4 Nf6 2. d3 g6 3. Nf3 Bg7 4. g3 d6 5. Bg2 Nc6 6. O-O O-O 7. Nc3 Bg4 8. Bd2
Qd7 9. a3 Bh3 10. Rb1 a6 11. Ng5 Bxg2 12. Kxg2 Nd4 13. Be3 Qg4 14. Qd2 Nc6 15.
b4 h6 16. Nf3 Qh5 17. Ne4 Ng4 18. h3 Nxe3+ 19. Qxe3 Ne5 20. g4 Nxf3 21. gxh5
Nh4+ 22. Kh2 Be5+ 23. f4 Bg7 24. hxg6 fxg6 25. Qg3 Nf5 26. Qxg6 Rf7 27. Qg1 Nd4
28. e3 Ne6 29. f5 Nd8 30. Qg6 Nc6 31. d4 Na7 32. f6 Kh8 33. Qxf7 Rg8 34. Rg1
Kh7 35. Rxg7+ Kh8 36. Rxg8# 1-0

[Event "ODEM U25B 2012"]
[Site "Oberhof GER"]
[Date "2012.05.28"]
[Round "3"]
[White "Mönster, Michel"]
[Black "Reuker, Ronja"]
[Result "1/2-1/2"]
[Termination "normal"]
[Board "36"]
[WhiteElo "988"]
[BlackElo "825"]
[PlyCount "70"]
[WhiteFideId "12947164"]
[BlackFideId "12947172"]
[EventCountry "GER"]
[EventRounds "9"]
[EventType "swiss"]
[EventDate "2012.05.26"]

1. d4 d5 2. c4 c6 3. Nc3 Nf6 4. Nf3 Bg4 5. e3 Nbd7 6. h3 Bh5 7. Be2 e6 8. Qb3
Rb8 9. Bd2 Ne4 10. Nxe4 dxe4 11. Ne5 Bxe2 12. Nxd7 Qxd7 13. Kxe2 Bd6 14. Rhc1
e5 15. c5 Bc7 16. Bc3 Qe7 17. Qc2 exd4 18. Bxd4 O-O 19. Qc3 f6 20. f4 Qe8 21.
Qc4+ Qf7 22. Qxf7+ Kxf7 23. b4 b5 24. cxb6 Bxb6 25. Bxb6 Rxb6 26. a3 Ra8 27.
Rc4 f5 28. g4 g6 29. Rd1 a5 30. bxa5 Rxa5 31. Rcd4 Rxa3 32. Rd7+ Ke8 33. Rd8+
Ke7 34. R1d7+ Ke6 35. Rd6+ Ke7 1/2-1/2

[Event "ODEM U25B 2012"]
[Site "Oberhof GER"]
[Date "2012.05.28"]
[Round "3"]
[White "Lilienthal, Niels Bennett"]
[Black "Lohrmann, Linus"]
[Result "1-0"]
[Termination "normal"]
[Board "37"]
[WhiteElo "928"]
[BlackElo "824"]
[PlyCount "39"]
[WhiteFideId "16205421"]
[BlackFideId "12982857"]
[EventCountry "GER"]
[EventRounds "9"]
[EventType "swiss"]
[EventDate "2012.05.26"]

1. e4 e5 2. Nf3 Nc6 3. Bb5 a6 4. Bxc6 dxc6 5. O-O Bg4 6. h3 Bh5 7. Nc3 Bd6 8.
d4 exd4 9. Qxd4 Bxf3 10. gxf3 c5 11. Qxg7 Nf6 12. Bg5 Qe7 13. Bxf6 Qe6 14.
Qxh8+ Kd7 15. Qxa8 Qxf6 16. Rfe1 Qxf3 17. Qxb7 c4 18. Re3 Qf4 19. Nd5 Qh2+ 20.
Kf1 1-0

[Event "ODEM U25B 2012"]
[Site "Oberhof GER"]
[Date "2012.05.28"]
[Round "3"]
[White "Abicht, Aruna Sophia"]
[Black "Müdder, Melanie"]
[Result "1-0"]
[Termination "normal"]
[Board "38"]
[WhiteElo "892"]
[BlackElo "761"]
[PlyCount "65"]
[BlackFideId "12994103"]
[EventCountry "GER"]
[EventRounds "9"]
[EventType "swiss"]
[EventDate "2012.05.26"]

1. e4 e5 2. Nf3 Nc6 3. Nc3 Nf6 4. d4 Bd6 5. Bb5 exd4 6. Nxd4 Nxd4 7. Qxd4 a6 8.
Bd3 Qe7 9. Bg5 Be5 10. Bxf6 Bxf6 11. Qe3 d6 12. Nd5 Qe6 13. Nxc7+ Ke7 14. Nxe6
Bxe6 15. O-O-O Bxa2 16. b3 Rac8 17. Kd2 Bc3+ 18. Ke2 Bb2 19. Rd2 Bc3 20. Rhd1
Bxd2 21. Qxd2 b5 22. Ra1 b4 23. Rxa2 Rc3 24. Rxa6 Rc5 25. Qxb4 Rhc8 26. Ra5
Rxa5 27. Qxa5 Re8 28. Qc7+ Ke6 29. Qc6 Rd8 30. Bc4+ Kf6 31. Qc7 Re8 32. Qxf7+
Kg5 33. Qxe8 1-0

[Event "ODEM U25B 2012"]
[Site "Oberhof GER"]
[Date "2012.05.28"]
[Round "3"]
[White "Gazizova, Alina"]
[Black "Grund, Melanie"]
[Result "0-1"]
[Termination "normal"]
[Board "39"]
[WhiteElo "767"]
[BlackElo "885"]
[PlyCount "84"]
[WhiteFideId "12951366"]
[BlackFideId "12988804"]
[EventCountry "GER"]
[EventRounds "9"]
[EventType "swiss"]
[EventDate "2012.05.26"]

1. e4 e5 2. d4 exd4 3. Qxd4 Nc6 4. Qe3 Nf6 5. Nc3 Nb4 6. Qe2 b6 7. Be3 Ba6 8.
Qd2 Bxf1 9. Kxf1 Nc6 10. a3 Bc5 11. Nf3 Bxe3 12. Qxe3 O-O 13. Rd1 d6 14. Ke2
Ng4 15. Qf4 Nf6 16. e5 Re8 17. Rhe1 Nxe5 18. Ne4 Ng6 19. Qf5 Rxe4+ 20. Kf1
Rxe1+ 21. Rxe1 Qd7 22. Qg5 a6 23. h4 Qb5+ 24. Kg1 Qxg5 25. hxg5 Ng4 26. g3 h6
27. Kg2 hxg5 28. Nxg5 N4e5 29. f4 f6 30. Nh3 Nc4 31. f5 Nge5 32. Nf4 Nxb2 33.
Ne6 {Um einen Zug zu gewinnen, wurde hier c6 eingefuegt (c5 wurde gespielt). In
Zug 35. spielt Weiss g3-g5.} 33... c6 34. Rh1 b5 35. g4 c5 36. g5 b4 37. axb4
cxb4 38. gxf6 gxf6 39. Rh6 a5 40. Rxf6 a4 41. Rh6 a3 42. Rh1 a2 0-1

[Event "ODEM U25B 2012"]
[Site "Oberhof GER"]
[Date "2012.05.28"]
[Round "3"]
[White "Gazizov, Erik"]
[Black "Hacklinger, Leon"]
[Result "0-1"]
[Termination "normal"]
[Board "40"]
[WhiteElo "747"]
[BlackElo "877"]
[PlyCount "48"]
[WhiteFideId "12951358"]
[BlackFideId "16205111"]
[EventCountry "GER"]
[EventRounds "9"]
[EventType "swiss"]
[EventDate "2012.05.26"]

1. e4 e6 2. d4 d5 3. Nc3 c5 4. Nf3 Nc6 5. Bb5 Qb6 6. Be3 dxe4 7. dxc5 Bxc5 8.
Qd2 exf3 9. O-O Bxe3 10. fxe3 fxg2 11. Rfd1 Nf6 12. Qd3 O-O 13. Rd2 Ne5 14. Qd6
Nf3+ 15. Kxg2 Nxd2 16. Qxd2 Ne4 17. Qd3 Nxc3 18. Qxc3 Qxb5 19. Kf2 b6 20. a4
Qf5+ 21. Ke2 Ba6+ 22. Kd2 Rad8+ 23. Kc1 Qf1+ 24. Qe1 Qxe1# 0-1

[Event "ODEM U25B 2012"]
[Site "Oberhof GER"]
[Date "2012.05.29"]
[Round "4"]
[White "Siegl, Adrian"]
[Black "Pappert, Florian"]
[Result "0-1"]
[Termination "normal"]
[Board "1"]
[WhiteElo "1712"]
[BlackElo "1461"]
[PlyCount "184"]
[WhiteFideId "12930156"]
[EventCountry "GER"]
[EventRounds "9"]
[EventType "swiss"]
[EventDate "2012.05.26"]

1. e4 d5 2. exd5 Qxd5 3. Nc3 Qa5 4. d4 Nf6 5. Nf3 Bg4 6. h3 Bh5 7. Bd2 c6 8.
Be2 Bxf3 9. Bxf3 Nbd7 10. O-O e6 11. Nd5 Qd8 12. Nxf6+ Nxf6 13. Ba5 Qxa5 14. c3
Be7 15. h4 O-O 16. g4 Rad8 17. Kh1 Qb6 18. Qc2 c5 19. g5 Nd5 20. Be4 g6 21. h5
Kg7 22. dxc5 Qxc5 23. h6+ Kg8 24. c4 Nf4 25. Qc3 Qd4 26. Qxd4 Rxd4 27. Bxb7 Rb8
28. Ba6 Rxb2 29. a4 Rb6 30. Bc8 Rd8 31. a5 Rc6 32. Bb7 Rxc4 33. a6 Rdd4 34.
Rfc1 f5 35. gxf6 Bxf6 36. Rxc4 Rxc4 37. Rd1 Rd4 38. Rc1 Be5 39. Rc8+ Kf7 40.
Kh2 Rd7 41. Ra8 Nd3+ 42. Kg2 Bd4 43. f3 Bb6 44. Rh8 Kf6 45. Rg8 Nc5 46. Bc6 Rc7
47. Bb5 Re7 48. Kg3 e5 49. Bc4 Ne6 50. Kg4 Rd7 51. Bxe6 Kxe6 52. Re8+ Re7 53.
Rf8 Be3 54. Rc8 Bxh6 55. Rc6+ Kd5 56. Rc8 e4 57. fxe4+ Kxe4 58. Rd8 Re6 59. Rd7
Rxa6 60. Rxh7 Be3 61. Re7+ Kd3 62. Rg7 Rc6 63. Rd7+ Kc2 64. Kf3 Bb6 65. Ke4 a5
66. Rh7 a4 67. Rh2+ Kb3 68. Rh1 Kb2 69. Kd3 a3 70. Rh2+ Kb1 71. Rh4 Rc2 72.
Rb4+ Rb2 73. Rh4 Rb3+ 74. Kc4 Rg3 75. Re4 Rg2 76. Kb3 Rg3+ 77. Kb4 Rd3 78. Re1+
Kc2 79. Ra1 Bd4 80. Ra2+ Bb2 81. Kc4 Rc3+ 82. Kb4 Kb1 83. Rxa3 Rxa3 84. Kc4 g5
85. Kd5 g4 86. Ke4 g3 87. Kf4 g2 88. Ke4 g1=Q 89. Kd5 Qd4+ 90. Kc6 Ra6+ 91. Kb5
Rb6+ 92. Ka5 Bc3# 0-1

[Event "ODEM U25B 2012"]
[Site "Oberhof GER"]
[Date "2012.05.29"]
[Round "4"]
[White "Naujoks, Max"]
[Black "von Reppert, Marc"]
[Result "1/2-1/2"]
[Termination "normal"]
[Board "2"]
[WhiteElo "1398"]
[BlackElo "1468"]
[PlyCount "127"]
[WhiteFideId "12947318"]
[BlackFideId "12918130"]
[EventCountry "GER"]
[EventRounds "9"]
[EventType "swiss"]
[EventDate "2012.05.26"]

1. e4 c5 2. Nf3 d6 3. d4 cxd4 4. Nxd4 Nf6 5. Nc3 a6 6. Be2 e5 7. Nb3 Be6 8. Qd3
Be7 9. Be3 O-O 10. O-O Nbd7 11. Nd5 Bxd5 12. exd5 Rc8 13. c4 Nb6 14. Rfc1 Nfd7
15. Na5 Qc7 16. b4 f5 17. f4 e4 18. Qc2 Nxd5 19. Qd2 Nxe3 20. Qxe3 Bf6 21. Rab1
Kh8 22. Rd1 Rfd8 23. Rbc1 Be7 24. Nb3 Nf8 25. g4 Qd7 26. gxf5 Qxf5 27. Nd4 Qf7
28. Qxe4 d5 29. cxd5 Rxc1 30. Rxc1 Qxd5 31. Qxd5 Rxd5 32. Nf3 Bxb4 33. Rc7 Bc5+
34. Kg2 b6 35. Bxa6 Rd8 36. Bc4 Ng6 37. Ng5 Nxf4+ 38. Kf3 Rf8 39. Nf7+ Kg8 40.
Ke4 Ng6 41. Ng5+ Kh8 42. Ne6 Re8 43. Kf5 Ne7+ 44. Kg4 Rc8 45. Rxc8+ Nxc8 46.
Nxc5 bxc5 47. Kf4 Nb6 48. Bb5 Nd5+ 49. Ke5 Nc3 50. Bc4 Nxa2 51. Bxa2 h6 52. Kd5
Kg8 53. Kxc5+ Kh8 54. Kd6 Kh7 55. Ke7 g5 56. Bf7 Kg7 57. Bh5 Kh8 58. Kf7 Kh7
59. Bg6+ Kh8 60. h3 h5 61. Bxh5 Kh7 62. Bg6+ Kh6 63. Kf6 g4 64. hxg4 1/2-1/2

[Event "ODEM U25B 2012"]
[Site "Oberhof GER"]
[Date "2012.05.29"]
[Round "4"]
[White "Moos, Daniel"]
[Black "Janke, Christopher"]
[Result "0-1"]
[Termination "normal"]
[Board "3"]
[WhiteElo "1173"]
[BlackElo "1589"]
[PlyCount "138"]
[EventCountry "GER"]
[EventRounds "9"]
[EventType "swiss"]
[EventDate "2012.05.26"]

1. Nf3 d5 2. d4 Nf6 3. e3 Bg4 4. c4 e6 5. Nc3 c5 6. b3 Nc6 7. Be2 cxd4 8. exd4
Bb4 9. Bd2 Bxf3 10. Bxf3 Nxd4 11. Nb1 Bxd2+ 12. Nxd2 Nxf3+ 13. Qxf3 O-O 14. O-O
dxc4 15. Nxc4 Qd5 16. Qe2 Qe4 17. Qxe4 Nxe4 18. f3 Nf6 19. Rac1 Rfd8 20. Kf2 b5
21. Ne5 Rd2+ 22. Kg1 Rxa2 23. Rc7 Rf8 24. Rfc1 Nd5 25. Rb7 b4 26. Nc6 a5 27.
Ra7 Rc8 28. Rc4 Kf8 29. Rxa5 Rxa5 30. Nxa5 Rxc4 31. Nxc4 Ke7 32. Kf2 f6 33. g3
Kd7 34. Ke2 Kc6 35. Kd3 g5 36. Nd2 h5 37. Ne4 g4 38. f4 f5 39. Ng5 Kd6 40. Nf7+
Ke7 41. Ne5 Kd6 42. Kd4 h4 43. Nd3 h3 44. Ne5 Nc3 45. Ke3 Ne4 46. Nd3 Nc5 47.
Nxb4 Nxb3 48. Nd3 Nc5 49. Ne1 Kd5 50. Nc2 Ne4 51. Nb4+ Kc4 52. Nd3 Kc3 53. Ke2
Kd4 54. Nf2 Nc3+ 55. Kd2 Nd5 56. Ke2 e5 57. fxe5 Kxe5 58. Nh1 Nc3+ 59. Kd3 Ne4
60. Ke3 Ng5 61. Nf2 Nf3 62. Nd3+ Kf6 63. Kf2 Nxh2 64. Kg1 Nf3+ 65. Kh1 Ke6 66.
Nf4+ Ke5 67. Ng6+ Ke4 68. Nh4 Nxh4 69. gxh4 f4 0-1

[Event "ODEM U25B 2012"]
[Site "Oberhof GER"]
[Date "2012.05.29"]
[Round "4"]
[White "Petersen, Marcel"]
[Black "Schmidt, Daniel"]
[Result "0-1"]
[Termination "normal"]
[Board "5"]
[WhiteElo "1582"]
[BlackElo "1419"]
[PlyCount "55"]
[WhiteFideId "12935670"]
[BlackFideId "12957950"]
[EventCountry "GER"]
[EventRounds "9"]
[EventType "swiss"]
[EventDate "2012.05.26"]

1. e4 c5 2. Nf3 d6 3. d4 cxd4 4. Nxd4 Nf6 5. Nc3 a6 6. a4 e6 7. Bg5 Be7 8. f4
O-O 9. Qf3 Qb6 10. Nb3 Nc6 11. Qg3 Kh8 12. Bd3 Nh5 13. Qf3 Bxg5 14. fxg5 Ne5
15. Qxh5 Nxd3+ 16. cxd3 Qxb3 17. Rb1 Qb6 18. Qf3 Bd7 19. h4 Qc5 20. Kd2 Rac8
21. Qf4 e5 22. Qf3 Bxa4 23. h5 f6 24. h6 fxg5 25. hxg7+ Kxg7 26. Qh3 Qb6 27.
Kc1 Rf2 28. Rh2 0-1

[Event "ODEM U25B 2012"]
[Site "Oberhof GER"]
[Date "2012.05.29"]
[Round "4"]
[White "Wheeler, Sebastian"]
[Black "Thumm, Niklas"]
[Result "1-0"]
[Termination "normal"]
[Board "6"]
[WhiteElo "1658"]
[BlackElo "1183"]
[PlyCount "86"]
[WhiteFideId "12923060"]
[BlackFideId "12918733"]
[EventCountry "GER"]
[EventRounds "9"]
[EventType "swiss"]
[EventDate "2012.05.26"]

1. e4 e5 2. Nc3 Nf6 3. f4 exf4 4. e5 Ng8 5. Nf3 Bb4 6. Nd5 Bc5 7. d4 Be7 8.
Bxf4 d6 9. exd6 Bxd6 10. Bxd6 Qxd6 11. Qe2+ Be6 12. Nc3 Nc6 13. d5 O-O-O 14.
O-O-O Nf6 15. dxe6 Qf4+ 16. Kb1 Rxd1+ 17. Nxd1 fxe6 18. Qxe6+ Kb8 19. Qe3 Qd6
20. Qd2 Qc5 21. Bd3 Rd8 22. Qg5 Qf8 23. a3 h6 24. Qg3 g5 25. Nc3 Re8 26. Re1
Rd8 27. Ne4 Nh5 28. Qg4 Nf4 29. Nf2 Qc5 30. g3 Ng6 31. Ne4 Qd5 32. Nc3 Qf7 33.
Bxg6 Qxg6 34. Qe6 Qg7 35. Rd1 Rg8 36. Qe4 Qf6 37. Nd4 Na5 38. Qe6 Qf7 39. b4
Nc6 40. Nxc6+ bxc6 41. Qxc6 Rh8 42. Ne4 Qf5 43. Nc5 Qxc5 1-0

[Event "ODEM U25B 2012"]
[Site "Oberhof GER"]
[Date "2012.05.29"]
[Round "4"]
[White "Gast, Benedikt"]
[Black "Eggert, André"]
[Result "1/2-1/2"]
[Termination "normal"]
[Board "7"]
[WhiteElo "1860"]
[BlackElo "1517"]
[PlyCount "64"]
[WhiteFideId "12937967"]
[BlackFideId "1270464"]
[EventCountry "GER"]
[EventRounds "9"]
[EventType "swiss"]
[EventDate "2012.05.26"]

1. e4 d5 2. exd5 Qxd5 3. Nc3 Qa5 4. d4 Nf6 5. Nf3 Bg4 6. h3 Bh5 7. g4 Bg6 8.
Ne5 Nbd7 9. Nxg6 hxg6 10. Bg2 c6 11. Bf4 e6 12. Qe2 Bb4 13. Bd2 O-O 14. h4 Nd5
15. Nxd5 Bxd2+ 16. Qxd2 Qxd2+ 17. Kxd2 exd5 18. Rae1 Rfe8 19. c3 Kf8 20. f4
Rxe1 21. Rxe1 Re8 22. Rxe8+ Kxe8 23. Ke3 Ke7 24. Bf1 b5 25. Bd3 Kf6 26. b3 Nb6
27. Kf3 a6 28. g5+ Ke6 29. Kg4 f5+ 30. Kg3 Nd7 31. c4 Nb6 32. c5 Nd7 1/2-1/2

[Event "ODEM U25B 2012"]
[Site "Oberhof GER"]
[Date "2012.05.29"]
[Round "4"]
[White "Dresig, Moritz"]
[Black "Bossert, Felix"]
[Result "1-0"]
[Termination "normal"]
[Board "8"]
[WhiteElo "1711"]
[BlackElo "1284"]
[PlyCount "91"]
[WhiteFideId "1270307"]
[BlackFideId "12960977"]
[EventCountry "GER"]
[EventRounds "9"]
[EventType "swiss"]
[EventDate "2012.05.26"]

1. c4 e6 2. g3 d5 3. Bg2 Nf6 4. Nc3 c6 5. d4 Nbd7 6. c5 b6 7. b4 a5 8. Qa4 Bb7
9. Rb1 axb4 10. Qxb4 Rb8 11. Bf4 Ra8 12. Qb2 b5 13. a4 Nh5 14. Bd2 Ba6 15. axb5
Bxb5 16. Nxb5 cxb5 17. Qxb5 Rb8 18. Qd3 Rxb1+ 19. Qxb1 Be7 20. Nf3 O-O 21. O-O
Nhf6 22. Rc1 Ne4 23. Bf4 g5 24. Be3 f6 25. Ne1 f5 26. f3 f4 27. fxe4 fxe3 28.
exd5 Nf6 29. d6 Bxd6 30. cxd6 Qxd6 31. Qd3 Ng4 32. Nf3 e5 33. Qc4+ Kg7 34. dxe5
Nxe5 35. Qc7+ Nf7 36. Qxd6 Nxd6 37. Nxg5 Rf2 38. Bf3 Kg6 39. Nh3 Rxf3 40. exf3
h5 41. Rc6 Kf5 42. Rxd6 e2 43. Kf2 e1=Q+ 44. Kxe1 h4 45. g4+ Ke5 46. Rd8 1-0

[Event "ODEM U25B 2012"]
[Site "Oberhof GER"]
[Date "2012.05.29"]
[Round "4"]
[White "Schier, Lukas"]
[Black "Herrmann, Heribert"]
[Result "0-1"]
[Termination "normal"]
[Board "9"]
[WhiteElo "1272"]
[BlackElo "1534"]
[PlyCount "38"]
[BlackFideId "12971715"]
[EventCountry "GER"]
[EventRounds "9"]
[EventType "swiss"]
[EventDate "2012.05.26"]

1. e4 d6 2. d4 Nf6 3. Nc3 g6 4. f4 Bg7 5. Nf3 O-O 6. Be3 Nc6 7. Qd2 Ng4 8.
O-O-O Nxe3 9. Qxe3 a6 10. h4 Bg4 11. d5 Na7 12. Be2 Nb5 13. Nb1 c5 14. Nfd2
Bxe2 15. Qxe2 Qa5 16. a3 Nd4 17. Qf2 c4 18. Nxc4 Qc5 19. Ne3 Nb3# 0-1

[Event "ODEM U25B 2012"]
[Site "Oberhof GER"]
[Date "2012.05.29"]
[Round "4"]
[White "Dittrich, Tom"]
[Black "Denkert, Robert"]
[Result "0-1"]
[Termination "normal"]
[Board "10"]
[WhiteElo "1627"]
[BlackElo "1491"]
[PlyCount "114"]
[WhiteFideId "12923532"]
[BlackFideId "12957216"]
[EventCountry "GER"]
[EventRounds "9"]
[EventType "swiss"]
[EventDate "2012.05.26"]

1. e4 e5 2. Nf3 Nf6 3. Nc3 d6 4. h3 Be7 5. d4 Nbd7 6. Be2 O-O 7. O-O c6 8. Re1
Qc7 9. dxe5 dxe5 10. a3 b6 11. Be3 Bb7 12. Bc4 Rad8 13. Qe2 h6 14. Rad1 Rfe8
15. Rd2 Nf8 16. Red1 Ng6 17. Nh2 Rxd2 18. Rxd2 Rd8 19. f3 Nh5 20. Rxd8+ Qxd8
21. Qd2 Qxd2 22. Bxd2 Bc5+ 23. Kf1 b5 24. Ba2 Ng3+ 25. Ke1 Nh4 26. Ng4 Nxg2+
27. Kd1 Bd4 28. b4 Kf8 29. Ne2 Nxe2 30. Kxe2 f6 31. c3 Bb6 32. Kd3 h5 33. Nh2
Bc8 34. c4 Bxh3 35. c5 Bd8 36. Ke2 Nf4+ 37. Kf2 Ke7 38. Kg3 Be6 39. Bb1 g6 40.
Nf1 g5 41. Ne3 h4+ 42. Kh2 Ne2 43. Bd3 Nd4 44. Kg2 Kf7 45. Nf1 Kg6 46. Nh2 Kh5
47. Be3 Bc7 48. Bd2 Bd8 49. Be3 Be7 50. Nf1 Bf8 51. Nh2 g4 52. fxg4+ Bxg4 53.
Bd2 Bd1 54. Be3 Bh6 55. Bxd4 exd4 56. Bxb5 cxb5 57. c6 Bb3 0-1

[Event "ODEM U25B 2012"]
[Site "Oberhof GER"]
[Date "2012.05.29"]
[Round "4"]
[White "Suvorov, Alexander"]
[Black "Bachmann, Jonas"]
[Result "1/2-1/2"]
[Termination "normal"]
[Board "11"]
[WhiteElo "1223"]
[BlackElo "1426"]
[PlyCount "127"]
[WhiteFideId "12977063"]
[BlackFideId "12922919"]
[EventCountry "GER"]
[EventRounds "9"]
[EventType "swiss"]
[EventDate "2012.05.26"]

1. d4 d5 2. Nf3 e6 3. c4 Nf6 4. Nc3 c5 5. cxd5 Nxd5 6. e4 Nxc3 7. bxc3 cxd4 8.
cxd4 Bb4+ 9. Bd2 Bxd2+ 10. Qxd2 O-O 11. Be2 Nc6 12. O-O b6 13. d5 exd5 14. exd5
Na5 15. Rfd1 Bb7 16. Rab1 Qd6 17. Nd4 Qxd5 18. Bf3 Qd7 19. Bxb7 Nxb7 20. Rb3
Nc5 21. Rh3 Rad8 22. Qc2 h6 23. Rd2 Rfe8 24. Kf1 Ne6 25. Rhd3 Nxd4 26. Rxd4
Qb5+ 27. Qd3 Qxd3+ 28. R2xd3 Rc8 29. g3 Rc2 30. Rd2 Rxd2 31. Rxd2 Re7 32. f4
Kh7 33. Rd6 g6 34. h4 Kg7 35. Kf2 Re6 36. Rd5 Kf6 37. Rd7 a5 38. Rb7 Rc6 39. a4
Rc4 40. Rxb6+ Kg7 41. Ra6 Rxa4 42. Kf3 h5 43. Rb6 Ra1 44. Ra6 a4 45. Kf2 a3 46.
Kf3 a2 47. Kg2 Kf8 48. Ra7 Ke8 49. Kh2 Kd8 50. Kg2 Kc8 51. Kh2 Kb8 52. Ra3 Kc7
53. Ra6 Kb7 54. Ra3 Kb6 55. Ra4 Kb5 56. Ra3 Kb4 57. Ra8 Kc3 58. Rc8+ Kd3 59.
Rd8+ Ke2 60. Re8+ Kf2 61. Ra8 Kf3 62. Ra7 Kg4 63. Ra6 Re1 64. Rxa2 1/2-1/2